Missing Word: V Literature Quiz Stats

Quiz Updated Jul 26, 2014

Challenge
Share
Tweet
Embed
Score 0/16 Timer 03:00
0 Plays Today
Literary Work Missing Word % Correct
The Da ____ CodeVinci
98.8%
The ____ Hungry CaterpillarVery
97.1%
____ FairVanity
96.6%
A Room with a ____ View
96%
Who's Afraid of ____ WoolfVirginia
94.5%
____ of the DollsValley
82.8%
V for ____ Vendetta
77.4%
The ____ RabbitVelveteen
75.6%
Literary Work Missing Word % Correct
Two Gentlemen of ____ Verona
75.5%
The Satanic ____ Verses
69.3%
Death in ____ Venice
67.1%
The Painted ____ Veil
49.1%
Quo ____ Vadis
44.3%
The ____ of WakefieldVicar
43.5%
Uncle ____ Vanya
39.5%
Under the ____ Volcano
18.4%

Today's Daily Dose

You're not logged in!

Compare scores with friends on all Sporcle quizzes.
Join for Free
OR
Log In

You Might Also Like...

Show Comments

Extras

Top Quizzes Today


Score Distribution

Your Account Isn't Verified!

In order to create a playlist on Sporcle, you need to verify the email address you used during registration. Go to your Sporcle Settings to finish the process.

Report this User

Report this user for behavior that violates our Community Guidelines.

Details: